Cours de francais . premiere annee /

Guardado en:
Autor Principal: Maudet, Ariel Alejandro
Formato: Libro
Publicado: Buenos Aires : Troquel, 1970
Edición:6
Materias:
Etiquetas: Agregar Etiqueta
Sin Etiquetas, Sea el primero en etiquetar este registro!
LEADER 00459nam a22001695a 4500
001 CEM.cems004236
005 20060216000000.0
008 130507s1970##################000#0#####d
003 CEMS
082 0 4 |a 448.64 
100 1 |a Maudet, Ariel Alejandro 
245 1 0 |a Cours de francais . premiere annee / 
250 |a 6 
260 |a Buenos Aires :  |b Troquel,  |c 1970 
300 |a 285 
653 |a Frances 
859 |a CEMS  |b BIB. CEMS - 11 de abril  |h 448.64  |i M442-1a6/I  |p 11534.82  |t Ej.1